[Event "COL-ch Students"]
[Site "Santa Fe"]
[Date "2023.09.25"]
[Round "6"]
[White "Carvajal Barreto, Johan Sebastian"]
[Black "Martinez Nanez, Santiago"]
[Result "0-1"]
[WhiteElo "1756"]
[BlackElo "1457"]
[PlyCount "114"]
[EventDate "2023.09.23"]
[EventType "swiss"]
[EventRounds "6"]
[EventCountry "COL"]
[SourceTitle "EXT 2024"]
[Source "ChessBase"]
[SourceDate "2023.10.10"]
[SourceVersion "1"]
[SourceVersionDate "2023.10.10"]
[SourceQuality "1"]

1. d4 Nf6 2. c4 g6 3. Nc3 d5 4. cxd5 Nxd5 5. e4 Nxc3 6. bxc3 Bg7 7. Be3 c5 8. Qd2 Qa5 9. Bc4 Nc6 10. Ne2 0-0 11. Rd1 cxd4 12. cxd4 Qxd2+ 13. Rxd2 Bg4 14. f3 Bd7 15. 0-0 Na5 16. Bd3 Rac8 17. Rb2 b6 18. Rb4 Nc6 19. Rc4 Na5 20. Rcc1 e6 21. Ba6 Rxc1 22. Rxc1 Nc6 23. Bb7 Na5 24. Rc7 Bb5 25. Nc3 Bc4 26. Bc6 Rd8 27. e5 a6 28. a4 h5 29. Bd7 Bd5 30. Nxd5 exd5 31. Ra7 Nb3 32. Kf2 Na5 33. e6 fxe6 34. Bxe6+ Kh8 35. Rxa6 Nc4 36. Bf7 Kh7 37. a5 Rd7 38. Be6 Re7 39. Bxd5 Nxe3 40. Be4 Bxd4 41. Kg3 Nc4 42. axb6 Nxb6 43. Kh3 Kg7 44. g4 hxg4+ 45. Kxg4 Be3 46. Kg3 g5 47. h4 gxh4+ 48. Kxh4 Kf6 49. Ra5 Nc4 50. Rf5+ Kg7 51. Rh5 Bh6 52. Kg3 Nd2 53. Bc6 Re2 54. Rb5 Nf1+ 55. Kg4 Ne3+ 56. Kg3 Rg2+ 57. Kh3 Bf4 0-1

[Event "COL-ch Students"]
[Site "Santa Fe"]
[Date "2023.09.24"]
[Round "4"]
[White "Vargas Trujillo, Santiago"]
[Black "Martinez Nanez, Santiago"]
[Result "0-1"]
[WhiteElo "1744"]
[BlackElo "1457"]
[PlyCount "79"]
[EventDate "2023.09.23"]
[EventType "swiss"]
[EventRounds "6"]
[EventCountry "COL"]
[SourceTitle "EXT 2024"]
[Source "ChessBase"]
[SourceDate "2023.10.10"]
[SourceVersion "1"]
[SourceVersionDate "2023.10.10"]
[SourceQuality "1"]

1. e4 c5 2. Nf3 d6 3. d4 cxd4 4. Nxd4 Nf6 5. Nc3 a6 6. Bg5 e6 7. f4 Be7 8. Qf3 Qc7 9. a4 Nc6 10. Nxc6 bxc6 11. g4 h6 12. Bh4 Qb6 13. Be2 Nxe4 14. Bxe7 Nxc3 15. Qxc3 Kxe7 16. Qxg7 Bb7 17. Qc3 c5 18. Rg1 Qb4 19. Qxb4 cxb4 20. a5 Rac8 21. Bd3 Rc5 22. Ra4 Bc6 23. Rxb4 Rxa5 24. Rb6 Bb5 25. Rb7+ Kf6 26. g5+ hxg5 27. fxg5+ Kg7 28. Bxb5 Rxb5 29. Rxb5 axb5 30. Rg2 Kg6 31. b4 d5 32. Kd2 Rh5 33. Kd3 Rxg5 34. Rxg5+ Kxg5 35. Kd4 f5 36. Ke5 Kg4 37. c3 f4 38. h3+ Kg3 39. h4 f3 40. Kd4 0-1

[Event "COL Subzt 2.3.4"]
[Site "Risarald"]
[Date "2021.11.27"]
[Round "8"]
[White "Zuluaga, Nicolas"]
[Black "Martinez Nanez, Santiago"]
[Result "0-1"]
[WhiteElo "1722"]
[BlackElo "1394"]
[PlyCount "46"]
[EventDate "2021.11.23"]
[EventType "swiss"]
[EventRounds "9"]
[EventCountry "COL"]
[SourceTitle "CBM 205 Extra"]
[Source "ChessBase"]
[SourceDate "2022.01.31"]
[SourceVersion "1"]
[SourceVersionDate "2022.01.31"]
[SourceQuality "1"]

1. d4 Nf6 2. Nf3 g6 3. c4 d5 4. Nc3 Bg7 5. Bf4 0-0 6. e3 c6 7. Bd3 Nbd7 8. Qc2 dxc4 9. Bxc4 Nb6 10. Bd3 Nfd5 11. Be5 Bxe5 12. Nxe5 Nb4 13. Qd2 c5 14. dxc5 N6d5 15. Bc4 Be6 16. a3 Nxc3 17. Qxc3 Nd5 18. Qb3 Qa5+ 19. Ke2 Qxc5 20. Nd3 Nf4+ 21. Kf3 Nxd3 22. Qxd3 Qxc4 23. Qxc4 Bxc4 0-1

[Event "Caqueta Florencia op"]
[Site "Caqueta"]
[Date "2016.12.03"]
[Round "4"]
[White "Martinez Nanez, Santiago"]
[Black "Barrios, Daniel Esteban"]
[Result "1-0"]
[WhiteElo "1345"]
[BlackElo "1499"]
[PlyCount "43"]
[EventDate "2016.12.01"]
[EventType "swiss"]
[EventRounds "6"]
[EventCountry "COL"]
[SourceTitle "CBM 176 Extra"]
[Source "ChessBase"]
[SourceDate "2017.03.02"]
[SourceVersion "1"]
[SourceVersionDate "2017.03.02"]
[SourceQuality "1"]

1. e4 e5 2. Nf3 Nc6 3. Bb5 d6 4. 0-0 Bd7 5. c3 Nf6 6. Qe2 a6 7. Bxc6 Bxc6 8. d3 g6 9. Rd1 Bg7 10. Nbd2 0-0 11. Nf1 Ba4 12. b3 Bc6 13. Ng3 b5 14. d4 Qe7 15. dxe5 dxe5 16. Bb2 Rad8 17. c4 Rxd1+ 18. Rxd1 Nd7 19. Qd3 Rd8 20. cxb5 Bxb5 21. Qc3 Be2 22. Nxe2 1-0

[Event "Caqueta Florencia op"]
[Site "Caqueta"]
[Date "2016.12.02"]
[Round "2"]
[White "Martinez Nanez, Santiago"]
[Black "Cedeno Chavarro, Daniel Camilo"]
[Result "0-1"]
[WhiteElo "1345"]
[BlackElo "1555"]
[PlyCount "61"]
[EventDate "2016.12.01"]
[EventType "swiss"]
[EventRounds "6"]
[EventCountry "COL"]
[SourceTitle "CBM 176 Extra"]
[Source "ChessBase"]
[SourceDate "2017.03.02"]
[SourceVersion "1"]
[SourceVersionDate "2017.03.02"]
[SourceQuality "1"]

1. e4 e5 2. Nf3 Nc6 3. Bb5 d6 4. c3 Bd7 5. 0-0 Nf6 6. Qe2 Be7 7. Rd1 0-0 8. d4 a6 9. Ba4 b5 10. Bb3 h6 11. Nbd2 Bg4 12. Nf1 Rc8 13. dxe5 Nxe5 14. N1d2 c5 15. h3 Bh5 16. c4 b4 17. Qe3 Re8 18. Nxe5 Bxd1 19. Nxf7 Kxf7 20. Bxd1 Kg8 21. Bb3 a5 22. a4 Qc7 23. Nf3 Qb7 24. e5 Ne4 25. Bc2 Ng5 26. Nxg5 Bxg5 27. Qd3 Bxc1 28. Qh7+ Kf8 29. Qf5+ Qf7 30. Qxf7+ Kxf7 31. b3 0-1

[Event "COL-ch Amateur"]
[Site "Medellin Antioquia"]
[Date "2016.03.07"]
[Round "8"]
[White "Norena Marin, Jeronimo"]
[Black "Martinez Nanez, Santiago"]
[Result "0-1"]
[WhiteElo "1206"]
[BlackElo "1329"]
[PlyCount "44"]
[EventDate "2016.02.29"]
[EventType "swiss"]
[EventRounds "9"]
[EventCountry "COL"]
[SourceTitle "EXT 2020"]
[Source "ChessBase"]
[SourceDate "2019.10.17"]
[SourceVersion "1"]
[SourceVersionDate "2019.10.17"]
[SourceQuality "1"]

1. e4 d5 2. exd5 Qxd5 3. c4 Qe4+ 4. Qe2 Qxe2+ 5. Bxe2 Nf6 6. Nc3 e6 7. d4 b6 8. Bf3 c6 9. Nb5 Bb4+ 10. Bd2 Bxd2+ 11. Kxd2 Kd8 12. Nd6 Ke7 13. Nb5 a6 14. Nc3 Kd8 15. Nge2 Ra7 16. Kc2 b5 17. c5 Nd5 18. Nxd5 exd5 19. Rae1 Bf5+ 20. Kd1 Kc8 21. a3 a5 22. Bg4 Bxg4 0-1